Fr. Conceicao Rodrigues College of Engineering

Reinforced Concrete Structures (Record no. 18764)

MARC details
000 -LEADER
fixed length control field 00318nam a2200133Ia 4500
100 ## - MAIN ENTRY--PERSONAL NAME
Personal name Syal/I.C./ Goel/A.K.
245 ## - TITLE STATEMENT
Title Reinforced Concrete Structures
260 ## - PUBLICATION, DISTRIBUTION, ETC.
Name of publisher, distributor, etc. A.H.Wheelar & Co
Place of publication, distribution, etc. Allahabad
Date of publication, distribution, etc. 1988
300 ## - PHYSICAL DESCRIPTION
Extent 635
546 ## - LANGUAGE NOTE
Language note ENGLISH
654 ## - SUBJECT ADDED ENTRY--FACETED TOPICAL TERMS
Focus term Reinforced Concrete Structures
942 ## - ADDED ENTRY ELEMENTS (KOHA)
Koha item type BOOK
Holdings
Withdrawn status Lost status Damaged status Not for loan Collection Home library Current library Shelving location Date acquired Total Checkouts Full call number Barcode Date last seen Price effective from Koha item type
        AFT Fr. Agnel's C.Rodrigues College of Engineering Fr. Agnel's C.Rodrigues College of Engineering   17/03/2023   AFT6735 17/03/2023 17/03/2023 BOOK